| 000 | 00655nam a2200193 a 4500 | ||
|---|---|---|---|
| 005 | 20231108063736.0 | ||
| 008 | 150224s2001 mx r 000 0 spa d | ||
| 035 | _aUPN01000202051 | ||
| 049 | _aCG | ||
| 050 | 4 |
_aLB1028.35 _bE3.8 |
|
| 245 | 0 | 0 |
_aEducational technology and the impact on teaching and learning : _bproceedings of an international research forum at BETT 2000 / _ced. Michelle Selinger. |
| 260 |
_aAbingdon, Ing. : _bRM, _c[2001]. |
||
| 300 |
_a73 p. : _btablas, gráfs. |
||
| 650 | 4 |
_aTecnología educativa _94978 |
|
| 650 | 4 |
_aInnovaciones educativas _9386 |
|
| 700 | 1 |
_aSelinger, Michelle, _eed. |
|
| 905 | _aLibro | ||
| 999 |
_c174152 _d174152 |
||